[Event "83rd Tata Steel Masters 2021"]
[Site "Wijk aan Zee"]
[Date "2021.01.31"]
[Round "13.1"]
[White "Anton Guijarro, David"]
[Black "Giri, Anish"]
[Result "1/2-1/2"]
[WhiteElo "2679"]
[BlackElo "2764"]
[Annotator "TA"]
[PlyCount "107"]
[EventDate "2021.01.16"]
[EventType "tourn"]
[EventCountry "NED"]
[SourceTitle "playchess.com"]
[Source "ChessBase"]
[SourceQuality "1"]

1. e4 c5 2. Nf3 d6 3. d4 cxd4 4. Nxd4 Nf6 5. Nc3 a6 6. a4 e5 7. Nf3 Be7 8. Bg5 Be6 9. Bxf6 Bxf6 10. Nd5 Nd7 11. Bc4 Rc8 12. Qe2 Nb6 13. Nxb6 Qxb6 14. Bxe6 fxe6 15. c3 O-O 16. O-O Qc6 17. Qd1 Be7 18. Re1 Rf6 19. a5 Rcf8 20. Qa4 Qc8 21. Re3 Bd8 22. c4 Rf4 23. Qb3 Kh8 24. h3 R4f6 25. Qd3 Qc5 26. Qc3 Bc7 27. b4 Qc6 28. b5 Qc5 29. b6 Bb8 30. Qb3 h6 31. Ra2 Rc8 32. Ra4 Rf7 33. Re1 Rd8 34. Qb4 Qc6 35. Raa1 Rf4 36. Qa4 Rc8 37. Qxc6 Rxc6 38. Nd2 Rf8 39. Red1 Kg8 40. f3 Kf7 41. Kf1 Ke7 42. Ke2 Rc5 43. h4 Rd8 44. Ra2 d5 45. cxd5 exd5 46. exd5 Rdxd5 47. Rda1 Bd6 48. Ne4 Rc4 49. Rd2 Rxd2+ 50. Nxd2 Rc5 51. h5 e4 52. Nxe4 Rxh5 53. Kd3 Kd7 54. Kc4 1/2-1/2

[Event "85th Tata Steel Challengers 2023"]
[Site "Wijk aan Zee"]
[Date "2023.01.29"]
[Round "13.1"]
[White "Donchenko, Alexander"]
[Black "Ivic, Velimir"]
[Result "1-0"]
[WhiteElo "2627"]
[BlackElo "2585"]
[Annotator "TA"]
[PlyCount "107"]
[EventDate "2023.01.10"]
[EventType "tourn"]
[EventCountry "NED"]
[SourceTitle "playchess.com"]
[Source "ChessBase"]
[SourceQuality "1"]

1. d4 d5 2. c4 c6 3. Nf3 Nf6 4. cxd5 cxd5 5. Nc3 Nc6 6. Bf4 Bf5 7. e3 e6 8. Qb3 Bb4 9. Bb5 O-O 10. Bxc6 Bxc3+ 11. Qxc3 Rc8 12. Ne5 Ng4 13. Nxg4 Bxg4 14. Qb4 Rxc6 15. Qxb7 Qc8 16. Qxc8 Rfxc8 17. O-O f6 18. h4 Be2 19. Rfe1 Rc2 20. b3 R8c6 21. Bb8 Ra6 22. a4 Rb6 23. Bxa7 Rxb3 24. a5 Bc4 25. Bc5 Rbb2 26. Reb1 Ba6 27. Ba3 Rxb1+ 28. Rxb1 Ra2 29. Rb8+ Kf7 30. Ra8 Rxa3 31. Ra7+ Kg6 32. Rxa6 Kf5 33. Ra7 Kg6 34. a6 e5 35. Ra8 exd4 36. exd4 Kf5 37. a7 Kg4 38. Rh8 Rxa7 39. Rxh7 Kf5 40. h5 Ra1+ 41. Kh2 g6 42. g4+ Kg5 43. Rg7 Kxg4 44. h6 Ra8 45. Rxg6+ Kf5 46. Rg7 Rh8 47. h7 Ke4 48. Kg3 Kxd4 49. Kf4 Kd3 50. Re7 d4 51. Kf5 Kc2 52. Kxf6 d3 53. Kg7 d2 54. Rc7+ 1-0

[Event "82nd Tata Steel Challengers 2020"]
[Site "Wijk aan Zee"]
[Date "2020.01.26"]
[Round "13.1"]
[White "Warmerdam, Max"]
[Black "Smeets, Jan"]
[Result "1-0"]
[WhiteElo "2498"]
[BlackElo "2585"]
[Annotator "TA"]
[PlyCount "61"]
[EventDate "2020.01.11"]
[EventType "tourn"]
[EventCountry "NED"]
[SourceTitle "playchess.com"]
[Source "ChessBase"]
[SourceQuality "1"]

1. e4 c6 2. d4 d5 3. e5 c5 4. Nf3 cxd4 5. Nxd4 Nc6 6. Nxc6 bxc6 7. Bd3 e6 8. Nd2 Ne7 9. Qg4 Ng6 10. Nf3 Qc7 11. Qg3 Ba6 12. O-O Bxd3 13. cxd3 Qb6 14. h4 h5 15. Be3 Qxb2 16. Nd4 Ne7 17. Rab1 Qxa2 18. Rb7 Qa6 19. Rfb1 Qxd3 20. Qf3 Rc8 21. Rb8 Qa6 22. Bg5 Rxb8 23. Rxb8+ Nc8 24. Qe2 Qa1+ 25. Kh2 Kd7 26. Rb7+ Ke8 27. Nxc6 Bc5 28. Qb5 Bxf2 29. Nd8+ Kf8 30. Rxf7+ Kg8 31. Qe8+ 1-0

[Event "84th Tata Steel Challengers 2022"]
[Site "Wijk aan Zee"]
[Date "2022.01.30"]
[Round "13.1"]
[White "Maurizzi, Marc`Andria"]
[Black "Erigaisi Arjun"]
[Result "0-1"]
[WhiteElo "2496"]
[BlackElo "2629"]
[Annotator "TA"]
[PlyCount "125"]
[EventDate "2022.01.15"]
[EventType "tourn"]
[EventCountry "NED"]
[SourceTitle "playchess.com"]
[Source "ChessBase"]
[SourceQuality "1"]

1. d4 Nf6 2. c4 e6 3. Nc3 Bb4 4. Nf3 O-O 5. Bg5 c5 6. Rc1 h6 7. Bh4 cxd4 8. Nxd4 d5 9. cxd5 Bxc3+ 10. Rxc3 g5 11. Bg3 Qxd5 12. f3 e5 13. Nb3 Qxd1+ 14. Kxd1 e4 15. Nd2 Re8 16. Nxe4 Nxe4 17. fxe4 Nc6 18. e3 Rxe4 19. Bd3 Re8 20. Bb5 Rd8+ 21. Kc1 Nb4 22. Bc4 Bf5 23. Rf1 Be6 24. Bxe6 fxe6 25. Kb1 Rf8 26. Rfc1 Nc6 27. Rb3 Rf7 28. Rd1 Rd8 29. Rxd8+ Nxd8 30. a3 Kf8 31. Kc2 Nc6 32. Kd2 Kg7 33. Ke2 Kg6 34. Rd3 h5 35. Rd6 h4 36. Be1 Kf6 37. h3 Ke7 38. Rd1 e5 39. b4 Ke6 40. b5 Ne7 41. Rd8 Nd5 42. Ra8 b6 43. Bd2 Nf6 44. a4 Ne4 45. Be1 Kd5 46. Rc8 Ke6 47. Rc6+ Kd5 48. Rc8 Ng3+ 49. Kd3 e4+ 50. Kc3 Nf1 51. Rg8 Rc7+ 52. Kb3 Nxe3 53. Rxg5+ Kd4 54. a5 bxa5 55. g3 hxg3 56. Rxg3 Nd5 57. Bxa5 Rc5 58. Ka4 e3 59. Rg7 Nb6+ 60. Kb4 Nd5+ 61. Ka4 e2 62. Rxa7 Rc7 63. Kb3 0-1

[Event "84th Tata Steel Masters 2022"]
[Site "Wijk aan Zee"]
[Date "2022.01.30"]
[Round "13.2"]
[White "Mamedyarov, Shakhriyar"]
[Black "Caruana, Fabiano"]
[Result "1/2-1/2"]
[WhiteElo "2767"]
[BlackElo "2792"]
[Annotator "TA"]
[PlyCount "38"]
[EventDate "2022.01.15"]
[EventType "tourn"]
[EventCountry "NED"]
[SourceTitle "playchess.com"]
[Source "ChessBase"]
[SourceQuality "1"]

1. d4 Nf6 2. c4 e6 3. Nf3 d5 4. Nc3 Be7 5. Bf4 O-O 6. e3 c5 7. dxc5 Bxc5 8. cxd5 Nxd5 9. Nxd5 exd5 10. a3 Nc6 11. Bd3 h6 12. O-O Qf6 13. b4 Bb6 14. b5 Nd4 15. Nxd4 Bxd4 16. Rb1 Bb6 17. Qh5 Be6 18. Qe5 Qxe5 19. Bxe5 Rac8 1/2-1/2

[Event "85th Tata Steel Masters 2023"]
[Site "Wijk aan Zee"]
[Date "2023.01.29"]
[Round "13.2"]
[White "Giri, Anish"]
[Black "Rapport, Richard"]
[Result "1-0"]
[WhiteElo "2764"]
[BlackElo "2740"]
[Annotator "TA"]
[PlyCount "77"]
[EventDate "2023.01.10"]
[EventType "tourn"]
[EventCountry "NED"]
[SourceTitle "playchess.com"]
[Source "ChessBase"]
[SourceQuality "1"]

1. e4 c5 2. Nf3 d6 3. d4 cxd4 4. Nxd4 Nf6 5. Nc3 Nc6 6. Bg5 g6 7. Bxf6 exf6 8. Bb5 Bd7 9. Bc4 Bg7 10. Nxc6 Bxc6 11. O-O O-O 12. Qd3 Rc8 13. Nd5 Re8 14. c3 Bd7 15. Bb5 Bc6 16. Bc4 Bd7 17. Rfe1 f5 18. Bb3 fxe4 19. Rxe4 Bf5 20. Rxe8+ Qxe8 21. Qd2 Be6 22. Rd1 Qd7 23. h3 b5 24. Qf4 Rc5 25. Ne3 Be5 26. Qe4 Kg7 27. f4 Bf6 28. g4 h6 29. Bd5 Bxd5 30. Nxd5 Rc4 31. Qf3 Qe6 32. f5 gxf5 33. Nf4 Qe5 34. Nh5+ Kg6 35. Rxd6 Kg5 36. Rd5 Qe1+ 37. Kg2 Be7 38. Rxf5+ Kh4 39. Qg3+ 1-0

[Event "83rd Tata Steel Masters 2021"]
[Site "Wijk aan Zee"]
[Date "2021.01.31"]
[Round "13.2"]
[White "Donchenko, Alexander"]
[Black "Esipenko, Andrey"]
[Result "0-1"]
[WhiteElo "2668"]
[BlackElo "2677"]
[Annotator "TA"]
[PlyCount "84"]
[EventDate "2021.01.16"]
[EventType "tourn"]
[EventCountry "NED"]
[SourceTitle "playchess.com"]
[Source "ChessBase"]
[SourceQuality "1"]

1. c4 Nf6 2. g3 e6 3. Bg2 d5 4. Nf3 dxc4 5. Qa4+ Nbd7 6. Qxc4 a6 7. Qc2 c5 8. Nc3 Qc7 9. O-O b6 10. d4 Bb7 11. Bf4 Bd6 12. Bxd6 Qxd6 13. Rfd1 O-O 14. e4 Qc7 15. Rac1 cxd4 16. Nxd4 Rad8 17. Qe2 Qb8 18. Rc2 b5 19. Nb3 Ne5 20. Nc5 Bc8 21. Rcd2 Qc7 22. Nd3 Nxd3 23. Rxd3 b4 24. Rxd8 Rxd8 25. Rxd8+ Qxd8 26. Nd1 Bb7 27. e5 Bxg2 28. Kxg2 Qd5+ 29. Kg1 Nd7 30. Ne3 Qxa2 31. Qd1 Nf8 32. Qd4 a5 33. Nc4 h5 34. Nd6 Ng6 35. Qa7 Qb1+ 36. Kg2 Nxe5 37. Qxa5 Qxb2 38. Qa8+ Kh7 39. Qe4+ f5 40. Qh4 Qe2 41. Qxb4 Nd3 42. Qb6 h4 0-1

[Event "82nd Tata Steel Masters 2020"]
[Site "Wijk aan Zee"]
[Date "2020.01.26"]
[Round "13.2"]
[White "Kovalev, Vladislav"]
[Black "Vitiugov, Nikita"]
[Result "1/2-1/2"]
[WhiteElo "2660"]
[BlackElo "2747"]
[Annotator "TA"]
[PlyCount "35"]
[EventDate "2020.01.11"]
[EventType "tourn"]
[EventCountry "NED"]
[SourceTitle "playchess.com"]
[Source "ChessBase"]
[SourceQuality "1"]

1. e4 e6 2. d4 d5 3. Nd2 c5 4. Ngf3 cxd4 5. Nxd4 Nf6 6. exd5 Nxd5 7. Ne4 Be7 8. Bb5+ Bd7 9. c4 Nf6 10. Nxf6+ Bxf6 11. O-O O-O 12. Be3 a6 13. Bxd7 Qxd7 14. Rc1 Rd8 15. Qf3 Nc6 16. Nxc6 Qxc6 17. Qxc6 bxc6 18. b3 1/2-1/2

[Event "84th Tata Steel Challengers 2022"]
[Site "Wijk aan Zee"]
[Date "2022.01.30"]
[Round "13.2"]
[White "Nguyen, Thai Dai Van"]
[Black "Ganguly, Surya Shekhar"]
[Result "1/2-1/2"]
[WhiteElo "2609"]
[BlackElo "2627"]
[Annotator "TA"]
[PlyCount "47"]
[EventDate "2022.01.15"]
[EventType "tourn"]
[EventCountry "NED"]
[SourceTitle "playchess.com"]
[Source "ChessBase"]
[SourceQuality "1"]

1. d4 Nf6 2. c4 e6 3. Nf3 d5 4. Nc3 Bb4 5. Bg5 dxc4 6. e4 h6 7. Bxf6 Qxf6 8. Bxc4 c5 9. O-O cxd4 10. Nb5 Qe7 11. Qxd4 O-O 12. Nxa7 Bc5 13. Nxc8 Rxc8 14. Qd3 Nc6 15. Qe2 Rd8 16. Rad1 Rxd1 17. Rxd1 Rd8 18. Rxd8+ Qxd8 19. g3 Nd4 20. Nxd4 Qxd4 21. Kg2 g5 22. a3 h5 23. h3 Kf8 24. a4 1/2-1/2

[Event "82nd Tata Steel Challengers 2020"]
[Site "Wijk aan Zee"]
[Date "2020.01.26"]
[Round "13.2"]
[White "Van Foreest, Lucas"]
[Black "Anton Guijarro, David"]
[Result "1/2-1/2"]
[WhiteElo "2523"]
[BlackElo "2694"]
[Annotator "TA"]
[PlyCount "57"]
[EventDate "2020.01.11"]
[EventType "tourn"]
[EventCountry "NED"]
[SourceTitle "playchess.com"]
[Source "ChessBase"]
[SourceQuality "1"]

1. e4 c5 2. Nf3 Nc6 3. d4 cxd4 4. Nxd4 e5 5. Nb5 d6 6. c4 Be6 7. N5c3 g6 8. Be2 Bg7 9. Be3 Nge7 10. Nd5 O-O 11. Nbc3 Nd4 12. O-O Nxd5 13. Nxd5 Bxd5 14. cxd5 Nxe2+ 15. Qxe2 f5 16. f3 Qh4 17. Bf2 Qe7 18. Rac1 Bh6 19. Be3 Bxe3+ 20. Qxe3 fxe4 21. fxe4 a6 22. h3 Rxf1+ 23. Rxf1 Rf8 24. Rxf8+ Qxf8 25. Qa7 Qc8 26. Kh2 Qf8 27. Kg1 Qc8 28. Kh2 Qf8 29. Kg1 1/2-1/2

[Event "85th Tata Steel Challengers 2023"]
[Site "Wijk aan Zee"]
[Date "2023.01.29"]
[Round "13.2"]
[White "Roebers, Eline"]
[Black "Yilmaz, Mustafa"]
[Result "0-1"]
[WhiteElo "2361"]
[BlackElo "2609"]
[Annotator "TA"]
[PlyCount "70"]
[EventDate "2023.01.10"]
[EventType "tourn"]
[EventCountry "NED"]
[SourceTitle "playchess.com"]
[Source "ChessBase"]
[SourceQuality "1"]

1. e4 c5 2. Nf3 d6 3. d4 cxd4 4. Nxd4 Nf6 5. Nc3 a6 6. Bd3 Bd7 7. f4 Nc6 8. Nf3 g6 9. a4 Bg7 10. O-O O-O 11. Qe1 Nb4 12. a5 b6 13. axb6 Qxb6+ 14. Kh1 Rfb8 15. Qh4 Qd8 16. e5 Nxd3 17. cxd3 Ne8 18. Nd5 f6 19. Re1 e6 20. Nc3 dxe5 21. fxe5 Bc6 22. Qh3 Bxf3 23. Qxf3 fxe5 24. Ne4 Qd5 25. Qh3 Nf6 26. Nc3 Qd6 27. Ra5 Nh5 28. Ne4 Qb6 29. Rc5 Rf8 30. Be3 Rae8 31. Rcc1 Qxb2 32. Nd6 Re7 33. Nc4 Qb5 34. Bg5 Nf4 35. Qg4 Nxd3 0-1

[Event "82nd Tata Steel Masters 2020"]
[Site "Wijk aan Zee"]
[Date "2020.01.26"]
[Round "13.3"]
[White "Duda, Jan-Krzysztof"]
[Black "Anand, Viswanathan"]
[Result "1/2-1/2"]
[WhiteElo "2758"]
[BlackElo "2758"]
[Annotator "TA"]
[PlyCount "45"]
[EventDate "2020.01.11"]
[EventType "tourn"]
[EventCountry "NED"]
[SourceTitle "playchess.com"]
[Source "ChessBase"]
[SourceQuality "1"]

1. c4 Nf6 2. Nc3 e6 3. e4 d5 4. e5 d4 5. exf6 dxc3 6. bxc3 Qxf6 7. Nf3 b6 8. d4 Bb7 9. Bd3 Bxf3 10. Qxf3 Qxf3 11. gxf3 Nd7 12. Rb1 Bd6 13. Be4 Rd8 14. f4 c5 15. Ke2 Rc8 16. Bd3 f5 17. a4 Kf7 18. Be3 Rc7 19. Rb5 Be7 20. a5 Rd8 21. Ra1 g6 22. axb6 axb6 23. Ra4 1/2-1/2

[Event "85th Tata Steel Challengers 2023"]
[Site "Wijk aan Zee"]
[Date "2023.01.29"]
[Round "13.3"]
[White "Sindarov, Javokhir"]
[Black "Beerdsen, Thomas"]
[Result "1-0"]
[WhiteElo "2654"]
[BlackElo "2515"]
[Annotator "TA"]
[PlyCount "99"]
[EventDate "2023.01.10"]
[EventType "tourn"]
[EventCountry "NED"]
[SourceTitle "playchess.com"]
[Source "ChessBase"]
[SourceQuality "1"]

1. e4 c6 2. Nc3 d5 3. Nf3 Bg4 4. h3 Bxf3 5. Qxf3 e6 6. d3 Nd7 7. Be2 Bd6 8. d4 Ne7 9. O-O Qb6 10. Qd3 Rd8 11. e5 Bb8 12. Na4 Qa5 13. b3 b5 14. Nb2 O-O 15. c3 f6 16. f4 c5 17. Bg4 Qb6 18. Be3 Kh8 19. Qd2 Nc6 20. b4 Qc7 21. Kh1 cxd4 22. cxd4 Nb6 23. Bg1 Nc4 24. Qc3 a5 25. bxa5 f5 26. Be2 Ba7 27. Nd3 Rb8 28. Rfb1 Rfc8 29. a6 Bb6 30. Nc5 Bxc5 31. dxc5 b4 32. Qc1 N6a5 33. Qe1 Na3 34. Rc1 N5c4 35. g4 fxg4 36. hxg4 Qc6 37. Bd3 Nb2 38. Bf1 Nbc4 39. Qh4 b3 40. a7 Rb7 41. axb3 Rxb3 42. Ra2 Rb7 43. Rxc4 dxc4+ 44. Bg2 Qc7 45. Be4 g5 46. Qxg5 Rxa7 47. c6 c3 48. Bxa7 c2 49. Qf6+ Kg8 50. Qxe6+ 1-0

[Event "84th Tata Steel Masters 2022"]
[Site "Wijk aan Zee"]
[Date "2022.01.30"]
[Round "13.3"]
[White "Praggnanandhaa R"]
[Black "Esipenko, Andrey"]
[Result "1-0"]
[WhiteElo "2612"]
[BlackElo "2714"]
[Annotator "TA"]
[PlyCount "117"]
[EventDate "2022.01.15"]
[EventType "tourn"]
[EventCountry "NED"]
[SourceTitle "playchess.com"]
[Source "ChessBase"]
[SourceQuality "1"]

1. d4 Nf6 2. c4 e6 3. Nc3 Bb4 4. a3 Bxc3+ 5. bxc3 c5 6. e3 Nc6 7. Bd3 O-O 8. Ne2 b6 9. e4 Ne8 10. O-O Ba6 11. f4 f5 12. exf5 exf5 13. dxc5 bxc5 14. Be3 d6 15. Ng3 Ne7 16. Qf3 Nc7 17. Rab1 Qd7 18. Rfe1 g6 19. Bf2 Nc8 20. Nf1 Nb6 21. Ne3 Rae8 22. Bh4 Qg7 23. Rbc1 Re6 24. a4 Nxa4 25. Nd5 Bb7 26. Rxe6 Nxe6 27. Re1 Qd7 28. Qg3 Rf7 29. Nf6+ Rxf6 30. Bxf6 Kf7 31. Qh4 h5 32. Bg5 Qc6 33. Qh3 Nxg5 34. fxg5 Bc8 35. Qe3 Qd7 36. Qe2 Qd8 37. Qa2 Bd7 38. Bc2 Nb6 39. Qxa7 Nc8 40. Qb7 Ne7 41. h4 Be6 42. Ra1 Qc8 43. Qxc8 Nxc8 44. Bb3 Ke7 45. Ra6 Kd8 46. Kf2 Kc7 47. Ra1 Bf7 48. Ke3 Be6 49. Kf4 Kd8 50. Ra8 Kc7 51. Ra2 Bf7 52. Ra1 Kd8 53. Ke3 Be6 54. g3 Kc7 55. Kf4 Bf7 56. Ba4 Nb6 57. Bb5 Nc8 58. Ke3 Be6 59. Be8 1-0

[Event "82nd Tata Steel Challengers 2020"]
[Site "Wijk aan Zee"]
[Date "2020.01.26"]
[Round "13.3"]
[White "Smirnov, Anton"]
[Black "Ganguly, Surya Shekhar"]
[Result "0-1"]
[WhiteElo "2604"]
[BlackElo "2636"]
[Annotator "TA"]
[PlyCount "52"]
[EventDate "2020.01.11"]
[EventType "tourn"]
[EventCountry "NED"]
[SourceTitle "playchess.com"]
[Source "ChessBase"]
[SourceQuality "1"]

1. d4 Nf6 2. c4 e6 3. Nc3 Bb4 4. f3 c5 5. d5 O-O 6. e4 b5 7. e5 Ne8 8. f4 exd5 9. cxd5 Bb7 10. Nf3 c4 11. Be2 Qb6 12. Bd2 Nc7 13. d6 Ne6 14. f5 Nd4 15. f6 Re8 16. a3 Ba5 17. fxg7 Nxf3+ 18. Bxf3 Rxe5+ 19. Kf1 Na6 20. Be1 Bxc3 21. Bf2 Nc5 22. bxc3 Rae8 23. h4 Bxf3 24. Qxf3 Qxd6 25. h5 Nd3 26. Bg3 Qxa3 0-1

[Event "84th Tata Steel Challengers 2022"]
[Site "Wijk aan Zee"]
[Date "2022.01.30"]
[Round "13.3"]
[White "Shuvalova, Polina"]
[Black "Bjerre, Jonas Buhl"]
[Result "1/2-1/2"]
[WhiteElo "2516"]
[BlackElo "2586"]
[Annotator "TA"]
[PlyCount "33"]
[EventDate "2022.01.15"]
[EventType "tourn"]
[EventCountry "NED"]
[SourceTitle "playchess.com"]
[Source "ChessBase"]
[SourceQuality "1"]

1. e4 c5 2. Nf3 e6 3. d4 cxd4 4. Nxd4 Nf6 5. Nc3 Nc6 6. Nxc6 bxc6 7. e5 Nd5 8. Ne4 Qc7 9. f4 Qb6 10. c4 Bb4+ 11. Ke2 f5 12. Nf2 Ba6 13. Kf3 Ne7 14. Be3 Bc5 15. Bxc5 Qxc5 16. Qa4 Qb6 17. c5 1/2-1/2

[Event "84th Tata Steel Masters 2022"]
[Site "Wijk aan Zee"]
[Date "2022.01.30"]
[Round "13.4"]
[White "Karjakin, Sergey"]
[Black "Vidit, Santosh Gujrathi"]
[Result "1-0"]
[WhiteElo "2743"]
[BlackElo "2727"]
[Annotator "TA"]
[PlyCount "127"]
[EventDate "2022.01.15"]
[EventType "tourn"]
[EventCountry "NED"]
[SourceTitle "playchess.com"]
[Source "ChessBase"]
[SourceQuality "1"]

1. e4 e5 2. Nf3 Nc6 3. Nc3 Nf6 4. d4 exd4 5. Nxd4 Bb4 6. Nxc6 bxc6 7. Bd3 d5 8. Bd2 O-O 9. O-O Bxc3 10. Bxc3 dxe4 11. Bxf6 Qxf6 12. Bxe4 Qxb2 13. Bxc6 Rb8 14. Rb1 Qxb1 15. Qxb1 Rxb1 16. Rxb1 Rd8 17. Bf3 Kf8 18. Rb8 Re8 19. h4 Ba6 20. Rb3 Re5 21. Rc3 Re7 22. Ra3 Re6 23. Bd5 Rb6 24. Bb3 c5 25. Ra4 g6 26. f3 Rd6 27. c4 Ke7 28. Ra5 Kd8 29. Rxc5 Bc8 30. Kf2 Rd2+ 31. Kg3 h6 32. h5 Rd6 33. hxg6 fxg6 34. Kf4 g5+ 35. Ke5 Re6+ 36. Kd4 Re2 37. g4 Rd2+ 38. Ke3 Rd6 39. Ra5 Re6+ 40. Kd4 Rf6 41. Bd1 a6 42. Be2 Rf4+ 43. Ke3 Bb7 44. Rf5 Rxf5 45. gxf5 Ke7 46. c5 Kf6 47. Bd3 Ke5 48. Be4 Bc8 49. c6 h5 50. c7 a5 51. a4 Kf6 52. Kf2 h4 53. Kg2 Ke5 54. Kh2 Kf6 55. Bd3 Ke5 56. Bf1 Kf6 57. Bh3 Bd7 58. Bg4 Bc8 59. Kg2 Bd7 60. Kf2 Bc8 61. Ke3 Bd7 62. Kd4 Bc8 63. Kc5 Kf7 64. Kb6 1-0

[Event "82nd Tata Steel Masters 2020"]
[Site "Wijk aan Zee"]
[Date "2020.01.26"]
[Round "13.4"]
[White "Artemiev, Vladislav"]
[Black "Caruana, Fabiano"]
[Result "0-1"]
[WhiteElo "2731"]
[BlackElo "2822"]
[Annotator "TA"]
[PlyCount "132"]
[EventDate "2020.01.11"]
[EventType "tourn"]
[EventCountry "NED"]
[SourceTitle "playchess.com"]
[Source "ChessBase"]
[SourceQuality "1"]

1. Nf3 d5 2. g3 Nd7 3. c4 dxc4 4. Qa4 a6 5. Qxc4 b5 6. Qc2 Bb7 7. Bg2 Ngf6 8. O-O e6 9. d3 Be7 10. a4 c5 11. Nc3 Qb6 12. axb5 axb5 13. Rxa8+ Bxa8 14. Bg5 O-O 15. Ra1 h6 16. Bxf6 Bxf6 17. Nd2 Bxg2 18. Kxg2 Rc8 19. Qb3 Rb8 20. Nce4 Be7 21. Kg1 f5 22. Nc3 Ne5 23. h3 h5 24. Nf3 Nxf3+ 25. exf3 Bf6 26. Re1 Kf7 27. Ne2 g5 28. g4 hxg4 29. hxg4 fxg4 30. fxg4 Qd6 31. Ng3 Qd5 32. Qc2 Bd4 33. Qe2 Rh8 34. Ne4 Qe5 35. Qf3+ Kg7 36. b3 Rf8 37. Qe2 Qd5 38. Rf1 Kg6 39. Qd1 c4 40. bxc4 bxc4 41. Kg2 Ba7 42. f3 cxd3 43. Qa1 Be3 44. Rd1 Qc4 45. Qc3 Qa2+ 46. Nd2 Qc2 47. Qe5 Bxd2 48. Qxe6+ Kg7 49. Qe7+ Rf7 50. Qe5+ Kf8 51. Qb8+ Ke7 52. Qe5+ Kd8 53. Qb8+ Kd7 54. Qb7+ Kd6 55. Qb6+ Ke5 56. Qb5+ Kd4 57. Qb6+ Kc4 58. Qe6+ Kc3 59. Qe5+ Kb3 60. Qd5+ Kb2 61. Qb5+ Bb4+ 62. Kg3 Qxd1 63. Qxb4+ Qb3 64. Qd2+ Kb1 65. Qe1+ Kc2 66. Qf2+ d2 0-1

[Event "85th Tata Steel Masters 2023"]
[Site "Wijk aan Zee"]
[Date "2023.01.29"]
[Round "13.4"]
[White "Praggnanandhaa R"]
[Black "So, Wesley"]
[Result "1/2-1/2"]
[WhiteElo "2684"]
[BlackElo "2760"]
[Annotator "TA"]
[PlyCount "103"]
[EventDate "2023.01.10"]
[EventType "tourn"]
[EventCountry "NED"]
[SourceTitle "playchess.com"]
[Source "ChessBase"]
[SourceQuality "1"]

1. d4 Nf6 2. c4 e6 3. Nf3 d5 4. Nc3 c5 5. cxd5 cxd4 6. Qa4+ Bd7 7. Qxd4 exd5 8. Nxd5 Qa5+ 9. Nc3 Nc6 10. Qd1 Ne4 11. Bd2 Nxd2 12. Nxd2 Bb4 13. Rc1 Bxc3 14. Rxc3 Qxa2 15. Nc4 Be6 16. e4 Rd8 17. Nd6+ Kf8 18. Qc1 Qa4 19. Nxb7 Qxe4+ 20. Qe3 Qxe3+ 21. fxe3 Rb8 22. Nc5 Nd8 23. Bd3 g6 24. O-O Rxb2 25. Ra3 Kg7 26. Nxe6+ Nxe6 27. Rxa7 Rf8 28. Bc4 Rb6 29. Bd5 g5 30. Re7 Rd6 31. Rf5 h6 32. g4 Nc5 33. Rexf7+ Rxf7 34. Rxf7+ Kg6 35. Rf5 Nd7 36. Bf7+ Kg7 37. Bc4 Nf6 38. h3 Rc6 39. Bb5 Re6 40. Rf3 h5 41. gxh5 Nxh5 42. Bd7 Rf6 43. Bf5 Nf4 44. e4 Ne2+ 45. Kg2 Nd4 46. Rf2 Nxf5 47. exf5 Ra6 48. f6+ Rxf6 49. Rxf6 Kxf6 50. Kg3 Kf5 51. h4 gxh4+ 52. Kxh4 1/2-1/2

[Event "82nd Tata Steel Challengers 2020"]
[Site "Wijk aan Zee"]
[Date "2020.01.26"]
[Round "13.4"]
[White "Eljanov, Pavel"]
[Black "L'Ami, Erwin"]
[Result "1/2-1/2"]
[WhiteElo "2650"]
[BlackElo "2606"]
[Annotator "TA"]
[PlyCount "109"]
[EventDate "2020.01.11"]
[EventType "tourn"]
[EventCountry "NED"]
[SourceTitle "playchess.com"]
[Source "ChessBase"]
[SourceQuality "1"]

1. e4 e5 2. Nf3 Nc6 3. Bb5 a6 4. Ba4 Nf6 5. O-O Be7 6. Re1 b5 7. Bb3 d6 8. a4 Bb7 9. d3 O-O 10. Bd2 Nd4 11. Nxd4 exd4 12. c3 dxc3 13. Nxc3 b4 14. Ne2 d5 15. e5 Nd7 16. Nf4 c6 17. d4 Re8 18. a5 Rb8 19. Nh5 g6 20. f4 f5 21. g4 gxh5 22. gxf5 Nf6 23. exf6 Bxf6 24. Re5 Kh8 25. Qxh5 Rg8+ 26. Kf2 Qf8 27. Rc1 Qg7 28. Qh3 Bc8 29. Ke3 c5 30. Bxd5 cxd4+ 31. Kf2 Bb7 32. Bxb7 Rxb7 33. Re6 d3 34. Kf3 Rb5 35. Rcc6 Qg1 36. Re1 Qg7 37. Ree6 Qg1 38. Re1 Qg7 39. Rce6 Rb7 40. Rxa6 Bxb2 41. Rg6 Qf7 42. Rxg8+ Qxg8 43. Qh6 Qd5+ 44. Re4 Rb8 45. Qe6 Qxa5 46. Bxb4 d2 47. Qd7 Qxf5 48. Re8+ Rxe8 49. Qxe8+ Kg7 50. Qe7+ Kg6 51. Qe8+ Kg7 52. Bxd2 Qd5+ 53. Ke2 Bf6 54. Qe3 Qg2+ 55. Qf2 1/2-1/2

[Event "84th Tata Steel Challengers 2022"]
[Site "Wijk aan Zee"]
[Date "2022.01.30"]
[Round "13.4"]
[White "L'Ami, Erwin"]
[Black "Jumabayev, Rinat"]
[Result "1-0"]
[WhiteElo "2622"]
[BlackElo "2631"]
[Annotator "TA"]
[PlyCount "77"]
[EventDate "2022.01.15"]
[EventType "tourn"]
[EventCountry "NED"]
[SourceTitle "playchess.com"]
[Source "ChessBase"]
[SourceQuality "1"]

1. d4 Nf6 2. c4 e6 3. Nf3 d5 4. g3 Be7 5. Bg2 O-O 6. O-O c6 7. b3 a5 8. Nc3 b6 9. Nd2 b5 10. cxb5 cxb5 11. Nxb5 Qb6 12. Nc3 Qxd4 13. Bb2 Qb6 14. e4 Ba6 15. Re1 dxe4 16. Ndxe4 Ra7 17. Na4 Qd8 18. Nxf6+ Bxf6 19. Qxd8 Rxd8 20. Bxf6 gxf6 21. Rac1 Rd2 22. Red1 Rc7 23. Ra1 Rxd1+ 24. Rxd1 Be2 25. Re1 Bb5 26. Nb6 Na6 27. Bf1 Bxf1 28. Kxf1 Nb4 29. Re2 Rc1+ 30. Re1 Rc6 31. Nc4 a4 32. Re2 Kg7 33. Rd2 h5 34. Kg2 Nxa2 35. Rxa2 axb3 36. Ra4 h4 37. g4 Rc5 38. Rb4 Kg6 39. Nd2 1-0

[Event "85th Tata Steel Challengers 2023"]
[Site "Wijk aan Zee"]
[Date "2023.01.29"]
[Round "13.4"]
[White "Vaishali, Rameshbabu"]
[Black "Tabatabaei, M. Amin"]
[Result "0-1"]
[WhiteElo "2425"]
[BlackElo "2686"]
[Annotator "TA"]
[PlyCount "79"]
[EventDate "2023.01.10"]
[EventType "tourn"]
[EventCountry "NED"]
[SourceTitle "playchess.com"]
[Source "ChessBase"]
[SourceQuality "1"]

1. e4 c5 2. Nf3 d6 3. d4 cxd4 4. Nxd4 Nf6 5. Nc3 a6 6. Bg5 Nbd7 7. Be3 Qc7 8. g4 h6 9. a4 Ne5 10. h3 Bd7 11. f4 Nc4 12. Bxc4 Qxc4 13. Qd3 Rc8 14. e5 Qxd3 15. cxd3 dxe5 16. fxe5 Nh7 17. Ke2 e6 18. Rac1 Be7 19. Ne4 O-O 20. a5 f5 21. exf6 Nxf6 22. Nxf6+ Bxf6 23. b4 Rcd8 24. Nb3 Bb5 25. Nc5 e5 26. Rhd1 Be7 27. Nxb7 Rxd3 28. Rxd3 e4 29. Nc5 exd3+ 30. Kd2 Rf3 31. Rh1 Rg3 32. Rh2 Bd6 33. Rf2 Rxh3 34. Nxd3 Rg3 35. g5 h5 36. Nc5 Be7 37. Rf5 h4 38. Re5 h3 39. Rxe7 h2 40. Bd4 0-1